[Event "8th ch-Euro"]
[Site "Dresden GER"]
[Date "2007.04.04"]
[Round "2"]
[White "Brkic,A"]
[Black "Paehtz,T jr"]
[Result "1-0"]
[WhiteElo "2570"]
[BlackElo "2318"]
[EventDate "2007.04.03"]

1. e4 e6 2. d4 d5 3. Nc3 Bb4 4. e5 Ne7 5. a3 Bxc3+ 6. bxc3 b6 7. Qg4 Ng6 8.
Bg5 Qd7 9. h4 h6 10. Bd2 h5 11. Qd1 Qa4 12. Be2 c5 13. Be3 Qa5 14. Bd2 Qa4
15. Bxh5 cxd4 16. Bxg6 fxg6 17. Qg4 Qxc2 18. Rc1 Qf5 19. Qxf5 gxf5 20. cxd4
Kd7 21. Rh3 Ba6 22. Rg3 Rh7 23. Rg6 Nc6 24. Rxe6 Kxe6 25. Rxc6+ Kd7 26.
Rd6+ Kc7 27. Nf3 Re8 28. g3 Rhh8 29. Rg6 Rhg8 30. Ng5 Bc8 31. Bb4 a5 32.
Bd6+ Kd7 33. Bb8 Bb7 34. Ba7 b5 35. Rd6+ Kc8 36. Bb6 b4 37. axb4 axb4 38.
Nf7 1-0

[Event "8th ch-Euro"]
[Site "Dresden GER"]
[Date "2007.04.04"]
[Round "2"]
[White "Vuilleumier,A"]
[Black "Oleksienko,M"]
[Result "0-1"]
[WhiteElo "2368"]
[BlackElo "2541"]
[EventDate "2007.04.03"]

1. d4 Nf6 2. c4 e6 3. Nf3 b6 4. g3 Ba6 5. Qc2 Bb4+ 6. Bd2 Be7 7. e4 d5 8.
e5 Ne4 9. Bd3 O-O 10. O-O c5 11. Bxe4 dxe4 12. Qxe4 Qd7 13. d5 exd5 14.
cxd5 f5 15. exf6 Bxf6 16. Re1 Qf7 17. Nc3 Nd7 18. Qe6 Rae8 19. Qxf7+ Kxf7
20. Re3 Rxe3 21. fxe3 Ke7 22. Kg2 Bd3 23. e4 Ne5 24. Bf4 Nxf3 25. Kxf3 g5
26. e5 Bg7 27. Ke3 gxf4+ 28. Kxd3 Bxe5 29. Re1 Kd6 30. Kc4 Bxc3 31. Re6+
Kd7 32. bxc3 f3 33. Re1 f2 34. Rf1 Rf3 35. Kb5 Kd6 36. Ka6 Kxd5 37. Kxa7
Kc4 38. Kxb6 Rf6+ 0-1

[Event "8th ch-Euro"]
[Site "Dresden GER"]
[Date "2007.04.04"]
[Round "2"]
[White "Godena,M"]
[Black "Makoli,P"]
[Result "1-0"]
[WhiteElo "2530"]
[BlackElo "2245"]
[EventDate "2007.04.03"]

1. e4 c5 2. Nf3 e6 3. c3 Nf6 4. e5 Nd5 5. Bc4 d6 6. d4 Nc6 7. O-O dxe5 8.
dxe5 Be7 9. Qe2 Na5 10. Bb5+ Bd7 11. Rd1 Nb6 12. Na3 a6 13. Bxd7+ Nxd7 14.
Qe4 Qc7 15. Qg4 g6 16. Qg3 h6 17. Bd2 c4 18. Nc2 O-O-O 19. Be3 g5 20. Bd4
Nf8 21. Nd2 Ng6 22. Ne4 Nf4 23. Qe3 Nd5 24. Qf3 Rhf8 25. Ne3 Nf4 26. g3 Ng6
27. Nd6+ Bxd6 28. exd6 Rxd6 29. Bf6 Rg8 30. Rxd6 Qxd6 31. Ng4 Nc6 32. Rd1
Qc7 33. Qe4 Nf4 34. Kf1 Nd5 35. Qh7 Rg6 36. Qh8+ Nd8 37. Bxd8 Qxd8 38.
Qxd8+ Kxd8 39. Ne5 Rg7 40. Nxc4 Kc7 41. Re1 Nb6 42. Ne5 Nd7 43. Nd3 Rg8 44.
Re4 Rd8 45. Ke2 Kd6 46. Rd4+ Ke7 47. Rb4 b6 48. Rc4 Kd6 49. Nb4 a5 50. Rc6+
Ke7 51. Nc2 Rb8 52. Nd4 Kd8 53. Nb5 Ke7 54. Rc7 Rg8 55. h3 h5 56. c4 h4 57.
g4 f5 58. f3 fxg4 59. fxg4 Rf8 60. Nd4 Kd6 61. Rc6+ Ke5 62. Ke3 Re8 63. b3
Kf6 64. Rd6 Nf8 65. Rxb6 Ng6 66. Ne2 Rd8 67. c5 Rd5 68. Nc3 Re5+ 69. Ne4+
Ke7 70. Rb7+ Kf8 71. c6 Ne7 72. Rb8+ 1-0

[Event "8th ch-Euro"]
[Site "Dresden GER"]
[Date "2007.04.04"]
[Round "2"]
[White "Vaznonis,V"]
[Black "Novikov,St"]
[Result "1-0"]
[WhiteElo "2279"]
[BlackElo "2535"]
[EventDate "2007.04.03"]

1. d4 g6 2. e4 Bg7 3. Nc3 c6 4. Nf3 d6 5. Be2 Qc7 6. Bg5 b5 7. Qd2 Nd7 8.
O-O Bb7 9. a3 a6 10. Rad1 c5 11. Rfe1 h6 12. Bh4 cxd4 13. Nxd4 Ngf6 14. Nd5
Nxd5 15. exd5 Bf6 16. Bxf6 Nxf6 17. Bf3 Rc8 18. Nc6 Bxc6 19. dxc6 Kf8 20.
Qd3 Kg7 21. c4 Rb8 22. b4 Rb6 23. Rc1 bxc4 24. Qxc4 Re8 25. Rc3 e6 26. Rec1
d5 27. Qd3 Rd8 28. Rc5 Kh7 29. h4 Rd6 30. Qc3 Ng8 31. a4 Ne7 32. b5 axb5
33. axb5 Rd8 34. h5 e5 35. hxg6+ fxg6 36. Bg4 Ng8 37. Qg3 1-0

[Event "8th ch-Euro"]
[Site "Dresden GER"]
[Date "2007.04.04"]
[Round "2"]
[White "Koepke,C"]
[Black "Smeets,J"]
[Result "1/2-1/2"]
[WhiteElo "2285"]
[BlackElo "2538"]
[EventDate "2007.04.03"]

1. e4 e5 2. Nf3 Nc6 3. Bb5 a6 4. Ba4 Nf6 5. O-O Nxe4 6. d4 b5 7. Bb3 d5 8.
dxe5 Be6 9. Nbd2 Nc5 10. c3 Bg4 11. Re1 Nd3 12. Re3 Nxc1 13. Rxc1 Be6 14.
Nf1 Na5 15. Rd3 c6 16. Ne3 Qc7 17. Qe2 g6 18. Nd4 Qxe5 19. f4 Qe4 20. Nxb5
axb5 21. Rd4 Nxb3 22. axb3 Bc5 23. Rxe4 dxe4 24. Kh1 Bxb3 25. Ng4 f5 26.
Ne5 Bd5 27. h3 O-O 28. Nd7 Bc4 29. Qe1 Ba7 30. Nxf8 Rxf8 31. Ra1 Rf7 32.
Qh4 Kg7 33. Qd8 Bf2 34. Qd6 e3 35. Qd4+ Kh6 36. g4 Re7 37. Qd8 Bd5+ 38. Kh2
Rf7 39. Ra7 fxg4 40. Qg5+ Kg7 41. Qe5+ Kh6 42. Qg5+ Kg7 43. Qe5+ Kh6 44.
Qg5+ Kg7 45. Qe5+ 1/2-1/2

[Event "8th ch-Euro"]
[Site "Dresden GER"]
[Date "2007.04.04"]
[Round "2"]
[White "Mastrovasilis,A"]
[Black "Kersten,U"]
[Result "1-0"]
[WhiteElo "2543"]
[BlackElo "2311"]
[EventDate "2007.04.03"]

1. Nf3 c5 2. c4 Nf6 3. g3 b6 4. Bg2 Bb7 5. O-O e6 6. Nc3 d6 7. d4 cxd4 8.
Qxd4 a6 9. Bg5 Nbd7 10. Nd2 Bxg2 11. Kxg2 h6 12. Bxf6 Nxf6 13. Nde4 Be7 14.
Rfd1 O-O 15. Nxd6 Qc7 16. e4 e5 17. Qxe5 Bxd6 18. Qxd6 Qxc4 19. Rd4 Qc8 20.
e5 Nh7 21. Nd5 Qc2 22. Rd2 Qe4+ 23. f3 1-0

[Event "8th ch-Euro"]
[Site "Dresden GER"]
[Date "2007.04.04"]
[Round "2"]
[White "Sulskis,S"]
[Black "Ringoir,T"]
[Result "1-0"]
[WhiteElo "2525"]
[BlackElo "2200"]
[EventDate "2007.04.03"]

1. e4 c5 2. f4 d5 3. exd5 Nf6 4. Bb5+ Bd7 5. Bxd7+ Qxd7 6. c4 e6 7. Qe2 Bd6
8. f5 O-O 9. fxe6 fxe6 10. dxe6 Qc7 11. Nc3 Bxh2 12. Nf3 Bg3+ 13. Kd1 Nc6
14. d3 Rad8 15. Bg5 Nb4 16. e7 Rxd3+ 17. Nd2 Re8 18. Qe6+ Kh8 19. Bxf6 Bf4
20. Nce4 Bxd2 21. Nxd2 gxf6 22. Qxf6+ Kg8 23. Qe6+ Kg7 24. Qh6+ Kf7 25.
Qxh7+ Ke6 26. Rh6+ 1-0

[Event "8th ch-Euro"]
[Site "Dresden GER"]
[Date "2007.04.04"]
[Round "2"]
[White "Slobodjan,R"]
[Black "Perlitz,S"]
[Result "1-0"]
[WhiteElo "2525"]
[BlackElo "2141"]
[EventDate "2007.04.03"]

1. d4 Nf6 2. c4 g6 3. Nc3 d5 4. Nf3 Bg7 5. e3 O-O 6. Bd2 c5 7. dxc5 Na6 8.
cxd5 Nxc5 9. Bc4 Bf5 10. O-O a6 11. a4 Rc8 12. Qe2 Nfe4 13. Nd4 Bxd4 14.
exd4 Nxd2 15. Qxd2 Ne4 16. Qe2 Nd2 17. Qxd2 Rxc4 18. Rfe1 Qc7 19. h3 Qd7
20. Qe3 Re8 21. g4 Bc2 22. a5 Rb4 23. Rac1 Bb3 24. Ne4 Rd8 25. d6 Bc4 26.
Qa3 1-0

[Event "8th ch-Euro"]
[Site "Dresden GER"]
[Date "2007.04.04"]
[Round "2"]
[White "Petrik,T"]
[Black "Siedentopf,D"]
[Result "1-0"]
[WhiteElo "2531"]
[BlackElo "2178"]
[EventDate "2007.04.03"]

1. e4 e6 2. d4 d5 3. Nd2 Nf6 4. e5 Nfd7 5. Bd3 c5 6. c3 Nc6 7. Ne2 cxd4 8.
cxd4 f6 9. exf6 Nxf6 10. O-O Bd6 11. Nf3 Qc7 12. Bg5 O-O 13. Bh4 Nh5 14.
Qc2 h6 15. Bh7+ Kh8 16. Bg6 Rxf3 17. Bxh5 Rf8 18. Bg3 Bxg3 19. fxg3 Bd7 20.
Nf4 Kg8 21. Bg6 Rf6 22. Kh1 Qb6 23. Bh7+ Kh8 24. Ng6+ Kxh7 25. Nf8+ Kg8 26.
Nxd7 Rxf1+ 27. Rxf1 Qb5 28. Nf6+ Kf7 29. Rf4 gxf6 30. Qh7+ Ke8 31. Qh8+ Ke7
32. Qxa8 Qxb2 33. h4 Nxd4 34. Qxa7 e5 35. Qc5+ Ke6 36. Qc8+ Ke7 37. Qc7+
Ke6 38. Qc8+ Ke7 39. Rg4 Ne6 40. Rg8 Qb5 41. Rh8 d4 42. Rh7+ Kd6 43. Rxb7
Qc6 44. Qb8+ Kd5 45. Rb6 Qd7 46. Qa8+ Kc5 47. Qa5+ Kc4 48. Rb4+ Kd3 49.
Qa3+ Kd2 50. Rb2+ Ke1 51. Qb4+ Kf1 52. Qd2 d3 53. Kh2 Qd4 54. Rb1+ 1-0

[Event "8th ch-Euro"]
[Site "Dresden GER"]
[Date "2007.04.04"]
[Round "2"]
[White "Rahls,P"]
[Black "Georgiev,Ki"]
[Result "0-1"]
[WhiteElo "2336"]
[BlackElo "2661"]
[EventDate "2007.04.03"]

1. e4 Nf6 2. e5 Nd5 3. c4 Nb6 4. c5 Nd5 5. Bc4 e6 6. d4 b6 7. Nf3 Be7 8.
O-O Bb7 9. cxb6 axb6 10. Nc3 Nxc3 11. bxc3 O-O 12. Re1 d6 13. Bf4 Nc6 14.
Qe2 dxe5 15. dxe5 Ra4 16. Bg3 Qa8 17. Bb3 Ra3 18. Rad1 Na5 19. Rd7 Bxf3 20.
gxf3 Bc5 21. Bc2 Rxc3 22. Be4 Qc8 23. Rd3 Rxd3 24. Qxd3 h6 25. Bh4 g5 26.
Bg3 Rd8 27. Qf1 Rd2 28. Qh3 Qf8 29. Qg4 Qg7 30. Bb1 Nc6 31. Kh1 Bxf2 32.
Bxf2 Rxf2 33. Qe4 Nxe5 34. Qa8+ Qf8 35. Bh7+ Kg7 36. Qxf8+ Kxf8 37. Rxe5
Rxa2 38. Bd3 Ke7 39. Be2 c5 40. Kg1 Rb2 41. Kf1 Kf6 42. Re4 b5 43. h4 c4
44. hxg5+ hxg5 45. Re3 Kf5 46. Ke1 Ra2 47. Kd1 e5 48. Kc1 Ke6 49. Bd1 f5
50. Kb1 Rf2 51. Re1 b4 52. Rg1 b3 0-1

[Event "8th ch-Euro"]
[Site "Dresden GER"]
[Date "2007.04.04"]
[Round "2"]
[White "Jorczik,J"]
[Black "Gashimov,V"]
[Result "0-1"]
[WhiteElo "2294"]
[BlackElo "2658"]
[EventDate "2007.04.03"]

1. d4 Nf6 2. c4 e6 3. Nf3 c5 4. e3 d5 5. Nc3 a6 6. cxd5 exd5 7. Be2 Nc6 8.
O-O Bd6 9. dxc5 Bxc5 10. b3 O-O 11. Bb2 Ba7 12. Rc1 Re8 13. Qd3 Be6 14.
Rfd1 Qe7 15. Na4 Ne4 16. Nd4 Bd7 17. Nc2 Rad8 18. Bf3 Ne5 19. Bxe5 Bb5 20.
Qxd5 Rxd5 21. Rxd5 Bc6 22. Ra5 Qd8 0-1

[Event "8th ch-Euro"]
[Site "Dresden GER"]
[Date "2007.04.04"]
[Round "2"]
[White "Socko,B"]
[Black "Dinger,F"]
[Result "1-0"]
[WhiteElo "2629"]
[BlackElo "2286"]
[EventDate "2007.04.03"]

1. e4 c5 2. Nf3 e6 3. b3 d6 4. Bb2 Nf6 5. e5 dxe5 6. Nxe5 Be7 7. Bd3 O-O 8.
f4 Nbd7 9. Qf3 Nd5 10. a3 Nxe5 11. fxe5 f5 12. Nc3 Rb8 13. O-O-O Nxc3 14.
dxc3 Qc7 15. Rhe1 b5 16. c4 a6 17. Kb1 Bb7 18. Qh3 Bc6 19. g4 g6 20. gxf5
exf5 21. e6 Bf6 22. e7 Rf7 23. Bxf5 gxf5 24. Bxf6 Rxf6 25. Rd8+ Be8 26. Qh5
1-0

[Event "8th ch-Euro"]
[Site "Dresden GER"]
[Date "2007.04.04"]
[Round "2"]
[White "Asrian,K"]
[Black "Becker,Mi1"]
[Result "1-0"]
[WhiteElo "2634"]
[BlackElo "2313"]
[EventDate "2007.04.03"]

1. e4 c5 2. Nf3 Nc6 3. Bb5 g6 4. Bxc6 dxc6 5. h3 Bg7 6. d3 Nf6 7. Nc3 O-O
8. Be3 Nd7 9. Qd2 Re8 10. Bh6 Bh8 11. h4 Nf8 12. h5 Ne6 13. O-O-O Qa5 14.
hxg6 fxg6 15. e5 Nd4 16. Qg5 Be6 17. Nh4 Bf7 18. f4 Nb5 19. Nxb5 Qxb5 20.
Nf5 Bxa2 21. Bg7 Bxg7 22. Rxh7 1-0

[Event "8th ch-Euro"]
[Site "Dresden GER"]
[Date "2007.04.04"]
[Round "2"]
[White "Loxine,J"]
[Black "Stefansson,H"]
[Result "1/2-1/2"]
[WhiteElo "2301"]
[BlackElo "2576"]
[EventDate "2007.04.03"]

1. Nf3 Nf6 2. c4 e6 3. Nc3 d5 4. d4 c6 5. g3 dxc4 6. Ne5 c5 7. dxc5 Qxd1+
8. Nxd1 Bxc5 9. Bg2 O-O 10. O-O Nd5 11. Nxc4 Nc6 12. Be3 Nxe3 13. Ndxe3 Bd7
14. Rfd1 Rfd8 15. Nd6 Bxd6 16. Rxd6 Be8 17. Rad1 Rxd6 18. Rxd6 Kf8 19. Rd1
Ke7 20. f4 Rc8 21. Kf2 Na5 22. b4 Nc6 23. Rc1 Kd8 24. a3 Rc7 25. Rd1+ Ke7
26. Rc1 Kd8 1/2-1/2

[Event "8th ch-Euro"]
[Site "Dresden GER"]
[Date "2007.04.04"]
[Round "2"]
[White "Loew,G"]
[Black "Agrest,E"]
[Result "0-1"]
[WhiteElo "2285"]
[BlackElo "2561"]
[EventDate "2007.04.03"]

1. c4 e6 2. g3 d5 3. Bg2 dxc4 4. Nf3 Nd7 5. Na3 Nb6 6. Nxc4 Nxc4 7. Qa4+
Bd7 8. Qxc4 Bc6 9. e4 a6 10. a4 Qd6 11. O-O Rd8 12. Re1 Qb4 13. Qc2 Qc5 14.
Qb1 Qa5 15. b3 Bb4 16. Re2 Ne7 17. d4 O-O 18. Bb2 f6 19. Qc2 Be8 20. Rd1
Bh5 21. h3 c6 22. Qc4 Kh8 23. Rd3 Bf7 24. Qc2 c5 25. dxc5 e5 26. Ree3 Bxc5
27. Rxd8 Rxd8 28. Rd3 Rxd3 29. Qxd3 Qb6 30. Nd2 Bxf2+ 31. Kh2 Qe3 32. Qxe3
Bxe3 33. Nc4 Bxc4 34. bxc4 Bc5 35. Bf3 Nc8 36. Bg4 Nb6 37. Be6 Nxa4 38. Bc1
a5 0-1

[Event "8th ch-Euro"]
[Site "Dresden GER"]
[Date "2007.04.04"]
[Round "2"]
[White "Evdokimov,Alexa"]
[Black "Giemsa,S"]
[Result "1-0"]
[WhiteElo "2531"]
[BlackElo "2286"]
[EventDate "2007.04.03"]

1. d4 Nf6 2. c4 g6 3. Nc3 d5 4. cxd5 Nxd5 5. g3 Bg7 6. Bg2 Nxc3 7. bxc3 c5
8. e3 O-O 9. Ne2 Nc6 10. O-O Bd7 11. a4 Rc8 12. Ba3 cxd4 13. cxd4 Re8 14.
Rb1 Na5 15. Bb4 b6 16. d5 Bg4 17. h3 Bf5 18. e4 Bd7 19. Kh2 Nc4 20. Qb3 a5
21. Be1 e6 22. Nf4 e5 23. Ne2 Bf8 24. Bc3 Na3 25. Ra1 b5 26. axb5 Bxb5 27.
Rfe1 Bc4 28. Qb2 Rb8 29. Qd2 a4 30. f4 f6 31. fxe5 fxe5 32. Nd4 Qd6 33. Nc6
Rb3 34. Na5 Bh6 35. Qxh6 Rxc3 36. Qd2 Rc2 37. Nxc4 Qc5 38. Qe3 Qxc4 39.
Qxa3 Rf8 40. Rac1 Rcf2 41. Rc2 Qxc2 42. Ra1 Qxe4 43. Kh1 Qd4 44. Qe7 R8f7
45. Qe6 Kg7 46. Rf1 Rxf1+ 47. Bxf1 a3 48. Qe7 Kg8 49. Qxa3 Qxd5+ 50. Bg2
Qd1+ 51. Kh2 Qe2 52. Qf3 Qe1 53. Qd5 Kg7 54. Qd7 Kh6 55. Qe7 1-0

[Event "8th ch-Euro"]
[Site "Dresden GER"]
[Date "2007.04.04"]
[Round "2"]
[White "Sorokin,M"]
[Black "Grant,J"]
[Result "1-0"]
[WhiteElo "2547"]
[BlackElo "2283"]
[EventDate "2007.04.03"]

1. d4 Nf6 2. c4 e6 3. Nc3 Bb4 4. Qc2 c5 5. dxc5 O-O 6. a3 Bxc5 7. Nf3 b6 8.
Bf4 Bb7 9. Rd1 Nc6 10. e3 Rc8 11. Be2 Be7 12. O-O Na5 13. b3 d5 14. e4 Bxa3
15. e5 Nd7 16. Nb5 Be7 17. Nxa7 Ra8 18. Nb5 Nc6 19. Qb1 Nb4 20. Rd4 Qb8 21.
Bg5 Re8 22. Bxe7 Rxe7 23. Rh4 Nf8 24. cxd5 Nxd5 25. Bd3 h6 26. Nd6 Ba6 27.
Bxa6 Rxa6 28. Nd4 Rc7 29. Rg4 Qa8 30. h4 Ra2 31. Ne8 Qxe8 32. Qxa2 Ng6 33.
Nf3 b5 34. Qd2 h5 35. Rd4 Qc6 36. Qg5 Rc8 37. Re1 Qc7 38. Rxd5 exd5 39. e6
fxe6 40. Rxe6 Qc1+ 41. Qxc1 Rxc1+ 42. Kh2 Nf4 43. Rb6 Kf7 44. Rxb5 Rd1 45.
b4 g6 46. Rb6 Nd3 47. Kg3 Rb1 48. b5 Rb2 49. Ng5+ Kg7 50. Rb7+ Kg8 51. b6
Nc5 52. Rc7 Na6 53. Rc6 Nb4 54. Rxg6+ Kf8 55. b7 Nd3 56. Ne6+ Kf7 57. Rh6
Nxf2 58. Rxh5 Ne4+ 59. Kf4 Rxb7 60. Rh7+ Kxe6 61. Rxb7 Nd6 62. Rh7 d4 63.
Rh5 1-0

[Event "8th ch-Euro"]
[Site "Dresden GER"]
[Date "2007.04.04"]
[Round "2"]
[White "Gallagher,Jo"]
[Black "Huschenbeth,N"]
[Result "0-1"]
[WhiteElo "2509"]
[BlackElo "2259"]
[EventDate "2007.04.03"]

1. d4 Nf6 2. c4 g6 3. Nc3 Bg7 4. e4 d6 5. f3 O-O 6. Nge2 Nbd7 7. Bg5 c5 8.
d5 a6 9. a4 Qc7 10. Ng3 e6 11. Be2 exd5 12. cxd5 h5 13. Qd2 Re8 14. O-O Nf8
15. Rac1 N8h7 16. Be3 Qe7 17. Nh1 Bd7 18. Nf2 Reb8 19. Nd3 Ne8 20. b4 c4
21. Ne1 b5 22. axb5 axb5 23. Nc2 Nc7 24. Ra1 f5 25. Nd4 fxe4 26. fxe4 Nf6
27. Bf3 Qe5 28. Nde2 Re8 29. Bd4 Qe7 30. Rxa8 Rxa8 31. e5 dxe5 32. Bc5 Qe8
33. Ng3 Na6 34. Nge4 0-1

[Event "8th ch-Euro"]
[Site "Dresden GER"]
[Date "2007.04.04"]
[Round "2"]
[White "Williams,Si1"]
[Black "Luechtemeier,P"]
[Result "1-0"]
[WhiteElo "2483"]
[BlackElo "2270"]
[EventDate "2007.04.03"]

1. d4 d5 2. c4 c6 3. Nc3 Nf6 4. Nf3 a6 5. g3 Bf5 6. Bg2 e6 7. O-O h6 8. Ne5
Be7 9. Bf4 O-O 10. Qb3 Ra7 11. Rfd1 Nbd7 12. Rac1 Qb6 13. e4 Qxb3 14. axb3
dxe4 15. Nxd7 Nxd7 16. Nxe4 Bxe4 17. Bxe4 Nf6 18. Bf3 Raa8 19. Kf1 Rad8 20.
Ke2 Rd7 21. Rd3 g5 22. Be3 g4 23. Bg2 Kh7 24. Rh1 Kg6 25. h3 h5 26. hxg4
hxg4 27. Rdd1 Rdd8 28. Bf4 Rh8 29. Be5 Kf5 30. Ke3 Rxh1 31. Rxh1 Rg8 32.
Rh6 Nd5+ 33. Ke2 Kg5 34. Rh4 Nf6 35. Ke3 Rd8 36. f4+ Kg6 37. Bf1 Nd5+ 38.
cxd5 Bxh4 39. Bd3+ f5 40. dxc6 Bf6 41. cxb7 Bxe5 42. fxe5 Kf7 43. Bxa6 Ke7
44. Bb5 Rb8 45. Bc6 Rd8 46. b4 Rh8 47. b5 Rd8 48. b6 Rh8 49. b4 Rd8 50. b5
Rh8 51. Kd3 1-0

[Event "8th ch-Euro"]
[Site "Dresden GER"]
[Date "2007.04.04"]
[Round "2"]
[White "Nagel,B"]
[Black "Karpatchev,A"]
[Result "0-1"]
[WhiteElo "2273"]
[BlackElo "2478"]
[EventDate "2007.04.03"]

1. d4 d5 2. Nf3 c5 3. c4 cxd4 4. cxd5 Nf6 5. Qxd4 Qxd5 6. Nc3 Qxd4 7. Nxd4
a6 8. Bg5 e5 9. Nf3 Nc6 10. a3 Be6 11. e3 Nd7 12. Nd2 f6 13. Bh4 Nb6 14.
Be2 Be7 15. O-O O-O 16. h3 Rfd8 17. Rfd1 Na5 18. f3 Rd7 19. b4 Rxd2 20.
Rxd2 Nb3 21. Rdd1 Nxa1 22. Rxa1 a5 23. b5 a4 24. f4 Rc8 25. Nd1 e4 26. Nf2
Rc3 27. Nxe4 Rxa3 28. Rc1 Ra2 29. Nc3 Rb2 30. Bf3 a3 31. Be1 a2 32. Ra1 Bc5
33. Bf2 Na4 34. Nxa2 Rxa2 35. Rd1 b6 36. f5 Bc4 37. Rd8+ Kf7 38. Rd7+ Kf8
39. Bc6 Be7 40. e4 Nc5 41. Rc7 Ra1+ 42. Kh2 Bd6+ 43. Bg3 Bxc7 0-1

[Event "8th ch-Euro"]
[Site "Dresden GER"]
[Date "2007.04.04"]
[Round "2"]
[White "Jakubowski,K"]
[Black "Graf,F"]
[Result "1-0"]
[WhiteElo "2483"]
[BlackElo "2249"]
[EventDate "2007.04.03"]

1. e4 e6 2. d4 d5 3. e5 c5 4. c3 Qb6 5. Nf3 Nc6 6. Be2 Nh6 7. Na3 cxd4 8.
cxd4 Bxa3 9. bxa3 Nf5 10. Be3 Nxe3 11. fxe3 Qa5+ 12. Qd2 Qxa3 13. O-O O-O
14. Rac1 Bd7 15. Bd3 Qe7 16. Qf2 Nb4 17. Bb1 Bb5 18. Rfd1 Rac8 19. Qb2 Rxc1
20. Qxc1 Bc4 21. a3 Nc6 22. h4 f5 23. exf6 Qxf6 24. Qb2 b6 25. Rd2 Ne7 26.
Rf2 Nf5 27. Ne5 h6 28. Bxf5 exf5 29. Nf3 f4 30. Ne5 Qxh4 31. Qc1 Qd8 32.
exf4 b5 33. Qe1 Rf6 34. f5 Qc8 35. g4 Qc7 36. Qe3 a5 37. g5 hxg5 38. Qxg5
b4 39. axb4 axb4 40. Rg2 Kf8 41. Rh2 Rh6 42. Rxh6 gxh6 43. Qf6+ Kg8 44.
Qe6+ Kh8 45. Qxh6+ Kg8 46. f6 1-0

[Event "8th ch-Euro"]
[Site "Dresden GER"]
[Date "2007.04.04"]
[Round "2"]
[White "Lubbe,N"]
[Black "Bindrich,F"]
[Result "0-1"]
[WhiteElo "2243"]
[BlackElo "2469"]
[EventDate "2007.04.03"]

1. e4 c5 2. d3 Nc6 3. g3 g6 4. Bg2 Bg7 5. f4 e6 6. Nf3 Nge7 7. O-O O-O 8.
c3 b6 9. Na3 Ba6 10. g4 f5 11. gxf5 exf5 12. e5 d5 13. Re1 Qd7 14. Nc2 Nd8
15. d4 Ne6 16. h4 Rac8 17. Ng5 Nc7 18. h5 Bh6 19. Nh3 Ne6 20. hxg6 hxg6 21.
Be3 Kf7 22. a4 Bc4 23. Ra3 a5 24. b3 Ba6 25. b4 cxb4 26. cxb4 axb4 27. Nxb4
Bc4 28. Qd2 Ra8 29. Rea1 Ra5 30. Bf1 Bxf1 31. Kxf1 Rfa8 32. Qc2 b5 33. Kg2
Rxa4 34. Rxa4 Rxa4 35. Rxa4 bxa4 36. Qc3 Qb5 37. Kf3 Qf1+ 38. Nf2 Bxf4 39.
Bxf4 Nxf4 40. e6+ Nxe6 41. Nbd3 Nc6 42. Ke3 Ncxd4 43. Ne5+ Kf6 0-1

[Event "8th ch-Euro"]
[Site "Dresden GER"]
[Date "2007.04.04"]
[Round "2"]
[White "Zaragatski,I"]
[Black "Armbrust,F"]
[Result "1-0"]
[WhiteElo "2445"]
[BlackElo "2261"]
[EventDate "2007.04.03"]

1. e4 c5 2. Nf3 d6 3. d4 cxd4 4. Nxd4 Nf6 5. Nc3 Nc6 6. f3 e5 7. Nb3 Be7 8.
Be3 O-O 9. Qd2 a5 10. Bb5 Be6 11. Rd1 Na7 12. Bd3 Nc8 13. a3 Nb6 14. Qf2
Nfd7 15. O-O a4 16. Nc1 Bg5 17. Bxg5 Qxg5 18. Bb5 Nc4 19. Bxc4 Bxc4 20.
Rfe1 Ra6 21. N1a2 Bxa2 22. Nxa2 Nc5 23. Nb4 Rb6 24. Rd2 Qd8 25. Red1 Na6
26. c3 Nxb4 27. axb4 Qc7 28. Rd5 Ra6 29. R1d3 Rd8 30. h3 h6 31. b5 Ra5 32.
b6 Qc4 33. Rxa5 Qxd3 34. Ra7 Rd7 35. Kh2 Qb5 36. Ra8+ Kh7 37. Rc8 Qa5 38.
c4 Qb4 39. f4 exf4 40. Qxf4 g6 41. Qf6 1-0

[Event "8th ch-Euro"]
[Site "Dresden GER"]
[Date "2007.04.04"]
[Round "2"]
[White "Banusz,T"]
[Black "Bakker,S"]
[Result "1-0"]
[WhiteElo "2459"]
[BlackElo "2232"]
[EventDate "2007.04.03"]

1. Nf3 Nf6 2. c4 e6 3. Nc3 d5 4. d4 Bb4 5. cxd5 exd5 6. Bg5 Nbd7 7. Rc1 O-O
8. a3 Bxc3+ 9. Rxc3 c6 10. e3 Qe8 11. Rc1 Ne4 12. Bf4 f5 13. Be2 Nb6 14. h4
Be6 15. Ne5 Nd7 16. b4 Nxe5 17. dxe5 g5 18. hxg5 Qe7 19. Bd3 Rf7 20. Rh6
Rg7 21. Rf6 Nxg5 22. Bxg5 Rxg5 23. Qf3 Rf8 24. Rxf8+ Qxf8 25. Ke2 Qg7 26.
b5 cxb5 27. Qh3 Qd7 28. Rh1 Rg7 29. f4 d4 30. Rd1 Qc6 31. exd4 Rxg2+ 32.
Ke3 Rg7 33. Qh4 h5 34. Rh1 Qd5 35. Rh3 Bf7 36. Bxf5 a5 37. Be4 Qb3+ 38. Bd3
Qxa3 39. Qd8+ Qf8 40. Qxa5 Be6 41. f5 Bxf5 42. Qa2+ Qf7 43. Qxf7+ Rxf7 44.
Rxh5 Be6 45. Rh6 Bc4 46. Rb6 Kf8 47. Be4 Rf1 48. Bxb7 Ke7 49. Bf3 Rb1 50.
Rb7+ Kd8 51. Ra7 b4 52. d5 b3 53. d6 Be6 54. Bc6 Rc1 55. Ra8+ Bc8 56. Be4
Re1+ 57. Kd4 b2 58. Rb8 Rd1+ 59. Kc3 1-0

[Event "8th ch-Euro"]
[Site "Dresden GER"]
[Date "2007.04.04"]
[Round "2"]
[White "Safarli,E"]
[Black "Wilke,W"]
[Result "1/2-1/2"]
[WhiteElo "2445"]
[BlackElo "2245"]
[EventDate "2007.04.03"]

1. e4 c5 2. Nf3 d6 3. d4 cxd4 4. Nxd4 Nf6 5. Nc3 a6 6. Bg5 e6 7. f4 Nbd7 8.
Qf3 Qc7 9. O-O-O b5 10. Bd3 Bb7 11. Bxf6 Nxf6 12. g4 Be7 13. g5 Nd7 14. h4
Nc5 15. Kb1 b4 16. Nce2 d5 17. e5 g6 18. h5 O-O-O 19. Qh3 Rhf8 20. Qg2 Kb8
21. hxg6 hxg6 22. Rh7 a5 23. Qh3 Nxd3 24. Qxd3 Qb6 25. Qb5 Bc5 26. Qxb6
Bxb6 27. Rdh1 Rc8 28. b3 Ba6 29. Rg7 Rc7 30. Rhh7 Bxe2 31. Nxe2 Be3 32. Rh3
Bb6 33. Rhh7 Be3 34. Rh3 Bb6 1/2-1/2

[Event "8th ch-Euro"]
[Site "Dresden GER"]
[Date "2007.04.04"]
[Round "2"]
[White "Startsev,V"]
[Black "Saric,Iv"]
[Result "1-0"]
[WhiteElo "2246"]
[BlackElo "2469"]
[EventDate "2007.04.03"]

1. d4 Nf6 2. Nf3 g6 3. Bg5 Bg7 4. Nbd2 O-O 5. c3 d6 6. e4 c5 7. dxc5 dxc5
8. Be2 Nc6 9. O-O Qc7 10. Qc2 b6 11. Rfe1 Bb7 12. Bf1 h6 13. Bh4 Nh5 14. a4
Ne5 15. Nxe5 Bxe5 16. Nf3 Bg7 17. Bc4 e6 18. Rad1 g5 19. Bg3 Nxg3 20. hxg3
Rfd8 21. Qe2 Rxd1 22. Rxd1 Rd8 23. Rxd8+ Qxd8 24. Qd3 Qxd3 25. Bxd3 Bc6 26.
Bc2 Kf8 27. Kf1 b5 28. axb5 Bxb5+ 29. Ke1 Ke7 30. g4 Kd6 31. Kd2 Bf1 32.
Ne1 c4 33. Bd1 Ke5 34. Ke3 Bf8 35. Nf3+ Kd6 36. Nd2 Bxg2 37. f3 Kc5 38. Kf2
Bh3 39. Kg3 Bd6+ 40. Kxh3 Bf4 41. Nb1 a5 42. Kg2 Bc1 43. b3 cxb3 44. Bxb3
Kb5 45. Kf2 a4 46. Ba2 Kc5 47. Ke2 Kd6 48. Kd1 Bf4 49. Na3 Ke7 50. Ke2 f5
51. Nb5 Be5 52. Kd3 Kf6 53. Nd4 fxg4 54. fxg4 h5 55. gxh5 g4 56. h6 g3 57.
Ke3 Kg6 58. Kf3 Kxh6 59. Bxe6 Kg5 60. Ne2 Kf6 61. Bd5 Ke7 62. Nc1 Bxc3 63.
Kxg3 Kd6 64. Na2 Bd2 65. Kf3 Kc5 66. Ke2 Ba5 67. Kd3 Be1 68. Bf7 Bg3 69.
Be8 a3 70. Bf7 Be5 71. Bd5 Bg7 72. Nc1 Bf6 73. Ba2 Bb2 74. Ne2 Kd6 75. Nd4
Ke5 76. Nf3+ Kf4 77. Nd2 Bg7 78. Nc4 Bf8 79. e5 Kf5 80. Kd4 Bb4 1-0

[Event "8th ch-Euro"]
[Site "Dresden GER"]
[Date "2007.04.04"]
[Round "2"]
[White "Kues,H"]
[Black "Womacka,M"]
[Result "0-1"]
[WhiteElo "2243"]
[BlackElo "2448"]
[EventDate "2007.04.03"]

1. c4 c5 2. g3 Nf6 3. Bg2 d5 4. cxd5 Nxd5 5. Nc3 Nc7 6. Nf3 Nc6 7. O-O e5
8. Ne1 Bf5 9. f4 exf4 10. d3 Qd7 11. Bxf4 Ne6 12. Bd2 Bg6 13. Rc1 Bd6 14.
Ne4 O-O 15. Nxd6 Qxd6 16. Nf3 Bh5 17. Bc3 Ned4 18. Qd2 Rfe8 19. Rce1 Rad8
20. b3 f6 21. Kh1 Nxf3 22. Bxf3 Bxf3+ 23. Rxf3 Ne5 24. Rf4 Nf7 25. Kg1 Ng5
26. Rg4 Qd5 27. h4 Qe6 28. Ra4 b5 29. Rxa7 Ne4 30. Qc1 Nxg3 31. Kh2 Nh5 32.
e4 0-1

[Event "8th ch-Euro"]
[Site "Dresden GER"]
[Date "2007.04.04"]
[Round "2"]
[White "Guseinov,El"]
[Black "Schulz,M1"]
[Result "1-0"]
[WhiteElo "2432"]
[BlackElo "2274"]
[EventDate "2007.04.03"]

1. e4 e6 2. d3 d5 3. Nd2 Nf6 4. Ngf3 c5 5. g3 Nc6 6. Bg2 Be7 7. O-O O-O 8.
Re1 Qc7 9. Qe2 b5 10. Nf1 d4 11. e5 Nd5 12. h4 a5 13. h5 c4 14. h6 g6 15.
N1h2 Ba6 16. Ng4 Rfc8 17. a3 cxd3 18. cxd3 b4 19. Ng5 Qd8 20. Ne4 bxa3 21.
Nd6 Ncb4 22. bxa3 Bxd6 23. exd6 Nxd3 24. Bxd5 Qxd6 25. Bxa8 Nxe1 26. Qxe1
Rxa8 27. Bf4 1-0